00659 2200241 4500001002100000005001500021035002000036007000300056008004100059020002200100082001100122084001700133100003500150245005100185250001000236300003300246650001800279264003400297336002100331337003000352338002300382990001200405INLIS00000000000051120250903100220 a0010-0925000034ta250903 0 ind  a978-602-9024-93-7 a297.37 a297.37 MUH k0 aMuhammad Nur KholisePengarang1 aKultum Ramadhan Pilihan /cMuhammad Nur Kholis acet 1 a220 halaman :bilus ;c20 cm 4aCeramah Islam aSolo :bPustaka Arafah,c2023 2rdacontentateks 2rdamediaatanpa perantara 2rdacarrieravolume a25.0450